<?xml version="1.0" encoding="UTF-8"?>
<record
    xmlns:xsi="http://www.w3.org/2001/XMLSchema-instance"
    xsi:schemaLocation="http://www.loc.gov/MARC21/slim http://www.loc.gov/standards/marcxml/schema/MARC21slim.xsd"
    xmlns="http://www.loc.gov/MARC21/slim">

  <leader>01187cam a22003011  4500</leader>
  <controlfield tag="001">gs 47000337 </controlfield>
  <controlfield tag="003">DLC</controlfield>
  <controlfield tag="005">20260227111353.0</controlfield>
  <controlfield tag="008">891025s1945    sw f     b    000 0 eng c</controlfield>
  <datafield tag="010" ind1=" " ind2=" ">
    <subfield code="a">gs 47000337 </subfield>
  </datafield>
  <datafield tag="035" ind1=" " ind2=" ">
    <subfield code="a">(OCoLC)20549699</subfield>
  </datafield>
  <datafield tag="040" ind1=" " ind2=" ">
    <subfield code="a">U.S. Geol. Survey. Library</subfield>
    <subfield code="c">CU</subfield>
    <subfield code="d">CU</subfield>
    <subfield code="d">DLC</subfield>
  </datafield>
  <datafield tag="042" ind1=" " ind2=" ">
    <subfield code="a">premarc</subfield>
  </datafield>
  <datafield tag="050" ind1="0" ind2="0">
    <subfield code="a">QE282</subfield>
    <subfield code="b">.A3 ser. C, no. 469</subfield>
  </datafield>
  <datafield tag="082" ind1=" " ind2=" ">
    <subfield code="a">553.4</subfield>
  </datafield>
  <datafield tag="100" ind1="1" ind2=" ">
    <subfield code="a">Gavelin, Sven,</subfield>
    <subfield code="d">1909-</subfield>
  </datafield>
  <datafield tag="245" ind1="1" ind2="0">
    <subfield code="a">Arsenic-cobalt-nickel-silver veins in the Lindsk&#xF6;ld copper mine, N. Sweden,</subfield>
    <subfield code="c">by Sven Gavelin.</subfield>
  </datafield>
  <datafield tag="260" ind1=" " ind2=" ">
    <subfield code="a">Stockholm,</subfield>
    <subfield code="b">Kungl. boktryckeriet, P.A. Norstedt &amp; s&#xF6;ner,</subfield>
    <subfield code="c">1945.</subfield>
  </datafield>
  <datafield tag="300" ind1=" " ind2=" ">
    <subfield code="a">18 p.</subfield>
    <subfield code="b">plates.</subfield>
    <subfield code="c">24 cm.</subfield>
  </datafield>
  <datafield tag="490" ind1="1" ind2=" ">
    <subfield code="a">Sweden. Geologiska unders&#xF6;kningen. Ser. C. Avhandlingar och uppsatser.</subfield>
    <subfield code="v">n:o 469. &#xC5;rsbok 39 (1945) n:o 2</subfield>
  </datafield>
  <datafield tag="500" ind1=" " ind2=" ">
    <subfield code="a">At head of title: Sveriges geologiska unders&#xF6;kning ...</subfield>
  </datafield>
  <datafield tag="504" ind1=" " ind2=" ">
    <subfield code="a">"Literature": p. 18.</subfield>
  </datafield>
  <datafield tag="650" ind1=" " ind2="0">
    <subfield code="a">Ore deposits</subfield>
    <subfield code="z">Sweden</subfield>
    <subfield code="z">Skelleft (Township)</subfield>
  </datafield>
  <datafield tag="650" ind1=" " ind2="0">
    <subfield code="a">Mineralogy</subfield>
    <subfield code="z">Sweden</subfield>
    <subfield code="z">Skelleft (Township)</subfield>
  </datafield>
  <datafield tag="740" ind1="0" ind2=" ">
    <subfield code="a">Lindsk&#xF6;ld copper mine, N. Sweden.</subfield>
  </datafield>
  <datafield tag="830" ind1=" " ind2="0">
    <subfield code="a">Ser. C--Avhandlingar och uppsatser ;</subfield>
    <subfield code="v">n:o 469.</subfield>
  </datafield>
  <datafield tag="830" ind1=" " ind2="0">
    <subfield code="a">&#xC5;rsbok (Sveriges geologiska unders&#xF6;kning) ;</subfield>
    <subfield code="v">39 : n:o 2.</subfield>
  </datafield>
  <datafield tag="999" ind1=" " ind2=" ">
    <subfield code="c">28216</subfield>
    <subfield code="d">28216</subfield>
  </datafield>
</record>
